000 01058nam a2200325 a 4500
001 000046584
003 DO-SdBPM
005 20250703070932.0
007 ta
008 150828s2004 ve ac 000 spa d
040 _aDO-SdBPM
_bspa
_cBPMSU
_erda
082 4 _a515.43
_bC828m 2004
_222
100 1 _aCortés A., Italo G.
_eautor
245 1 0 _a1.200 ejercicios de cálculo elemental /
_cItalo G. Cortés A.
_b
246 1 3 _aMil docientos ejercicios de cálculo elemental
250 _a3a. ed.
260 _a
_b
_c
264 _aSan Cristobal, Venezuela :
_bFondo Editorial Unet,
_c2004
300 _a64 páginas . :
_bilustraciones . ;
_c21 cm.
336 _atexto
_btxt
_2rdacontent
337 _asin mediación
_bn
_2rdamedia
338 _avolumen
_bnc
_2rdacarrier
490 0 _aProblemario
500 _aEducación inicial
500 _aLa biblioteca posee el v. 3
590 _aInventariado, 2025/VM
650 7 _aCálculo
_v Problemas, ejercicios, etc
910 _aVMateo V. Control de calidad. BPMSU
942 _2ddc
_cBK
999 _c15247
_d15247